00589 2200229 4500001002100000005001700021008004100038020001800079035002400097040001200121082001000133090001900143100001500162245004500177250001100222260003100233300001800264500002900282650002100311850001200332990001500344YOGYA-0209000003411120090227024845.0 ind  a979-413-089-3 0010-020900000034111 aYOPDYOG a301.1 aT 301.1bSut P aSutarno, R aPsikologi Sosial untuk SMKKcR. Soetarno aCet. 1 aYogyakartabKanisiusc1989 a64 hlmc21 cm aBibliografi : hlm. 63-64 aPsikologi sosial aYOPDYOG aP000030325